| 000 | 00514nam a2200145 i 4500 | ||
|---|---|---|---|
| 001 | 183619 | ||
| 003 | ES-MaACL | ||
| 005 | 20230906221931.0 | ||
| 008 | 140905s1903 gt |||| | spa d | ||
| 110 | 2 |
_aArchivo General de Protocolos de Guatemala. _9155392 |
|
| 245 | 1 | 0 | _aCatálogo de los protocolos existentes y que proceden de notarios y juzgados de 1ª instancia y municipales. |
| 260 |
_aGuatemala : _b[s.n.], _c1903. |
||
| 650 | 4 |
_aProtocolos notariales- _zGuatemala. _9155393 |
|
| 852 |
_aES-MaACL _jT-1089-F-1 |
||
| 999 |
_c183619 _d183619 |
||